Leopold van der Pals : komponieren für eine neue Kunst /

Bibliographic Details
Main Author: Graf, Wolfram
Format: Book
Language:German
Published: Dornach : Verlag am Goetheanum, [2002]
Series:Pioniere der Anthroposophie ; Bd. 19.
Subjects:

MARC

Tag First Indicator Second Indicator Subfields
LEADER 00000cam a2200000 a 4500
001 in00001747607
005 20151025051519.0
008 030110s2002 sz ag b 001 0bger c
020 |a 3723511554 
035 |a (OCoLC)ocm51388880 
040 |a OHX  |c OHX  |d ZCU  |d UtOrBLW 
042 |a pcc 
049 |a TXAM 
050 4 |a ML410.P35  |b L46 2002 
072 7 |a ML  |2 lcco 
072 7 |a BP  |2 lcco 
100 1 |a Graf, Wolfram. 
245 1 0 |a Leopold van der Pals :  |b komponieren für eine neue Kunst /  |c Wolfram Graf. 
264 1 |a Dornach :  |b Verlag am Goetheanum,  |c [2002] 
264 4 |c ©2002 
300 |a 416 pages :  |b illustrations, music ;  |c 21 cm +  |e 1 suppl. (pages 417-424 : music ; c 20 cm.) 
336 |a text  |b txt  |2 rdacontent 
337 |a unmediated  |b n  |2 rdamedia 
338 |a volume  |b nc  |2 rdacarrier 
490 1 |a Pioniere der Anthroposophie ;  |v Bd. 19 
500 |a Originally presented as the author's thesis (doctoral)--Universität Bayreuth, 2001. 
504 |a Includes bibliographical references (pages 379-392) and index. 
600 1 0 |a Pals, Leopold van der,  |d 1884-1966  |x Criticism and interpretation. 
650 0 |a Composers  |v Biography. 
830 0 |a Pioniere der Anthroposophie ;  |v Bd. 19. 
938 |a Otto Harrassowitz  |b HARR  |n har025039818  |c 28.00 EUR 
948 |a cataloged  |b h  |c 2003/6/23  |d c  |e eneff  |f 11:29:50 am 
994 |a E0  |b TXA 
999 |a MARS 
999 f f |s 6d553e84-cb4b-32c4-a45a-359ceca12859  |i 4a9c4a96-bf17-33fd-9fc1-bfaedd64b80b  |t 0 
952 f f |p ric  |a Texas A&M University  |b Rellis Campus  |c Joint Library Facility  |d Remote Storage  |t 0  |e ML410.P35 L46 2002  |h Library of Congress classification  |i unmediated -- volume  |m A14829746793 
998 f f |a ML410.P35 L46 2002  |t 0  |l Remote Storage